Statistical design and analysis of experiments
Gorde:
| Egile nagusia: | |
|---|---|
| Formatua: | Liburua |
| Hizkuntza: | ingelesa |
| Argitaratua: |
Nueva York
Macmillan
1971
|
| Gaiak: | |
| Etiketak: |
Etiketa erantsi
Etiketarik gabe, Izan zaitez lehena erregistro honi etiketa jartzen!
|
MARC
| LEADER | 00000nam a2200000 a 4500 | ||
|---|---|---|---|
| 001 | UCQ8934 | ||
| 003 | CL-VaPUC | ||
| 008 | 981217e19710000US |||||||||||||||||eng|d | ||
| 082 | 0 | 4 | |a 519.5 |b JOH |2 21 |
| 100 | 0 | |a John, Peter W. M |e author |9 423260 | |
| 245 | 1 | 0 | |a Statistical design and analysis of experiments |
| 300 | |a 235 p | ||
| 942 | |c BK | ||
| 945 | |d 19981217 00:00:00 |a crobeson | ||
| 260 | |a Nueva York |b Macmillan |c 1971 | ||
| 650 | 0 | |a Estadística matemática |9 260028 | |
| 650 | 0 | |a Diseño de experimentos |9 260691 | |
| 650 | 0 | |a Probabilidades |9 260199 | |
| 650 | 0 | |a Análisis de diseño |9 417717 | |
| 583 | |a last modification |c 19981217 00:00:00 |k Rodrigo Vera | ||
| 999 | |c 278099 |d 278097 | ||
| 952 | |0 0 |1 0 |4 0 |6 519_500000000000000_JOH_1971 |7 0 |8 A |9 316449 |a BIBGIM |b BIBGIM |d 2019-11-20 |i 1310216 |o 519.5 JOH 1971 |p 1310216 |r 2025-01-15 |w 2019-11-20 |y BK |k EST | ||
| 952 | |0 0 |1 0 |4 0 |6 519_500000000000000_JOH_1971 |7 0 |8 A |9 316450 |a BIBGIM |b BIBGIM |d 2019-11-20 |i 1310232 |o 519.5 JOH 1971 |p 1310232 |r 2025-01-15 |w 2019-11-20 |y BK |k EST | ||
| 952 | |0 0 |1 0 |4 0 |6 519_500000000000000_JOH_1971 |7 0 |8 A |9 316451 |a BIBGIM |b BIBGIM |d 2019-11-20 |i 1310240 |o 519.5 JOH 1971 |p 1310240 |r 2025-01-15 |w 2019-11-20 |y BK |k EST | ||